000 00342nam a2200133Ia 4500
005 20260326100034.0
008 260326s9999||||xx |||||||||||||| ||und||
100 _aVargas, José María
245 0 _aEl Arte Ecuatoriano /
_cJosé María Vargas
260 _bSanto Domingo
300 _a278 p.
650 _aARQUITECTURA COLONIAL
942 _cBK
999 _c6741
_d6741